| 000 | 00668nam a22001937a 4500 | ||
|---|---|---|---|
| 999 |
_c167433 _d167433 |
||
| 005 | 20190902161106.0 | ||
| 010 | _aUR-10423 | ||
| 020 | _c30.00 | ||
| 035 | _aU-8978 | ||
| 037 |
_bDBAD/PUB _a- |
||
| 082 | _a270 | ||
| 100 | _aمحمد ا قبا ل ملا | ||
| 245 |
_aو حد ت ا د يا ن کی حقيقت _cمحمد ا قبا ل ملا |
||
| 246 |
_bWahdat-e-AdyanKi Haqiqat (Urdu) _aby Mohd. Iqbal Mulla |
||
| 260 |
_aNew Delhi _bMerkazi Maktaba Islami Publishers _c2015 ء |
||
| 270 |
_aD-307,Dawat Nagar,Abulfazal Enclave,Jamia Ngr. _bNew Delhi _e110025 _k26971652 _l- |
||
| 300 |
_a64 ص _c22 Cm(Hb) |
||
| 942 |
_2ddc _cUR _h270 _mم ح م |
||